Eligella Quiz - Statistiken

Allgemein
  • Dieses Quiz wurde 392 mal gespielt
  • Das Durchschnittsergebnis liegt bei 7 aus 7
Antwortstatistiken
Frage Antwort % Korrekt
Wie heißt Eligella's neulich gegründeter Fußballverein? Delay Sports Berlin
100%
Bei welchem Verein war Eligella im Esports tätig? Hertha BSC
100%
Was ist Eligella's Nachname? Nerlich
98%
Welcher Freund von Eligella spielt beim 3. Liga Klub Waldhof Mannheim? Niklas Wilson
98%
Wer hat mit Eligella das Produkt Vitavate herausgebracht? Sydney
98%
Wie heißt seine Marke, von der man unter anderem auch Nackenkissen kaufen kann? Elevate
96%
Für was ist Eligella unter anderem bekannt? Seinen Laufsstil
86%
Keine übereinstimmenden Quizze gefunden
Verteilung der Resultate
Anzahl Personen mit jedem Resultat
Perzentil nach korrekt beantworteten Fragen
Ihre Resultats-Entwicklung
Sie haben dieses Quiz noch nicht gespielt